000
00252nam a2200109Ia 4500
100
_a
Prabhudesai/S.R./ Margaj/C.J.
942
_c
BK
245
_a
Marathi-English Dictionary
260
_b
Navneet publication
_a
Mumbai
300
_a
800
546
_a
ENGLISH
999
_c
33942
_d
33942